Business / (Record no. 4122)
[ view plain ]
| 000 -LEADER | |
|---|---|
| fixed length control field | 01149nac a22002771u 4500 |
| 010 ## - LIBRARY OF CONGRESS CONTROL NUMBER | |
| LC control number | 2006937090 |
| 020 ## - INTERNATIONAL STANDARD BOOK NUMBER | |
| International Standard Book Number | 0618770917 (hbk. : library ed.) |
| 020 ## - INTERNATIONAL STANDARD BOOK NUMBER | |
| International Standard Book Number | 9780618770915 (hbk. : library ed.) |
| 082 ## - DEWEY DECIMAL CLASSIFICATION NUMBER | |
| Classification number | 658.45 |
| Item number | P9476 |
| 090 ## - LOCALLY ASSIGNED LC-TYPE CALL NUMBER (OCLC); LOCAL CALL NUMBER (OCLC) | |
| -- | 4122 |
| -- | 4122 |
| 100 ## - MAIN ENTRY--PERSONAL NAME | |
| Personal name | Pride, William M. |
| 245 10 - TITLE STATEMENT | |
| Title | Business / |
| Statement of responsibility, etc | William M. Pride, Robert J. Hughes, Jack R. Kapoor. |
| 250 ## - EDITION STATEMENT | |
| Edition statement | 9th ed. |
| 260 ## - PUBLICATION, DISTRIBUTION, ETC. (IMPRINT) | |
| Place of publication, distribution, etc | Boston : |
| Name of publisher, distributor, etc | Houghton Mifflin Co., |
| Date of publication, distribution, etc | c2008 |
| 300 ## - PHYSICAL DESCRIPTION | |
| Extent | 1 v. (various pagings) : |
| Other physical details | ill. ; |
| Dimensions | 29 cm. |
| 504 ## - BIBLIOGRAPHY, ETC. NOTE | |
| Bibliography, etc | Includes bibliographical references and indexes. |
| 650 #0 - SUBJECT ADDED ENTRY--TOPICAL TERM | |
| Topical term or geographic name as entry element | Industrial management |
| Geographic subdivision | United States. |
| 650 #0 - SUBJECT ADDED ENTRY--TOPICAL TERM | |
| Topical term or geographic name as entry element | Business enterprises |
| Geographic subdivision | United States. |
| 650 #0 - SUBJECT ADDED ENTRY--TOPICAL TERM | |
| Topical term or geographic name as entry element | Business. |
| 650 #0 - SUBJECT ADDED ENTRY--TOPICAL TERM | |
| Topical term or geographic name as entry element | Management. |
| 700 1# - ADDED ENTRY--PERSONAL NAME | |
| Personal name | Hughes, Robert James, |
| Dates associated with a name | 1946- |
| 700 1# - ADDED ENTRY--PERSONAL NAME | |
| Personal name | Kapoor, Jack R., |
| Dates associated with a name | 1937- |
| 942 ## - ADDED ENTRY ELEMENTS (KOHA) | |
| Item type | Book - Borrowing |
| Call number prefix | 658.45P9476 |
| Withdrawn status | Item status | Damaged status | Not for loan | Home library | Current library | Shelving location | Date acquired | Source of acquisition | Total Checkouts | Total Renewals | Full call number | Barcode | Date last seen | Date last borrowed | Koha item type | Source of classification or shelving scheme | Vendor |
|---|---|---|---|---|---|---|---|---|---|---|---|---|---|---|---|---|---|
| Central Library | Central Library | First floor | 22/08/2007 | Purchase | 4 | 8 | 658.45 PRI | 000000108 | 15/07/2025 | 08/11/2015 | Book - Borrowing | ||||||
| Central Library | Central Library | First floor | 02/02/2009 | 658.45 PRI | 000014425 | 15/07/2025 | NB - Book (Non borrowing) | Dewey Decimal Classification | Alahram |